000 00561nam a22001817a 4500
005 20251108175743.0
008 250721s2015 xx 000 0 ara d
082 1 4 _aط/ق/امي
100 1 _aأمين، رانية حسين
_eمؤلف
245 1 0 _aفاقد الحب ...يعطيه /
264 1 _aمصر :
_bدار البلسم للنشر و التوزيع،
_c2015.
300 _a108ص.
650 1 7 _aادب الاطفال
650 1 7 _aالقصص العربية
653 _aناشئون كبار(15-18)سنة
942 _2ddc
_cBK
999 _c141593
_d141593